The Indian women's search for an identity/ (Record no. 19904)
[ view plain ]
| 000 -LEADER | |
|---|---|
| fixed length control field | 00397nam a22001571a 4500 |
| 082 ## - DEWEY DECIMAL CLASSIFICATION NUMBER | |
| Classification number | 305.409 54 |
| Item number | SHO/I |
| 100 ## - MAIN ENTRY--AUTHOR NAME | |
| Personal name | Shoma A Chatterji |
| 245 ## - TITLE STATEMENT | |
| Title | The Indian women's search for an identity/ |
| Statement of responsibility, etc | by Shoma A Chatterji |
| 250 ## - EDITION STATEMENT | |
| Edition statement | 2nd |
| 260 ## - PUBLICATION, DISTRIBUTION, ETC. (IMPRINT) | |
| Place of publication | New Delhi: |
| Name of publisher | Vikas, |
| Year of publication | 1997. |
| 300 ## - PHYSICAL DESCRIPTION | |
| Number of Pages | 284p. |
| 650 ## - SUBJECT ADDED ENTRY--TOPICAL TERM | |
| Topical Term | Women India |
| 650 ## - SUBJECT ADDED ENTRY--TOPICAL TERM | |
| Topical Term | Women Studies |
| 650 ## - SUBJECT ADDED ENTRY--TOPICAL TERM | |
| Topical Term | Social Sciences |
| 942 ## - ADDED ENTRY ELEMENTS (KOHA) | |
| Koha item type | Book |
| Withdrawn status | Lost status | Damaged status | Not for loan | Permanent Location | Current Location | Date acquired | Cost, normal purchase price | Full call number | Accession Number | Cost, replacement price | Price effective from | Koha item type |
|---|---|---|---|---|---|---|---|---|---|---|---|---|
| Sree Sankaracharya University of Sanskrit | Sree Sankaracharya University of Sanskrit | 08.01.2015 | 125.00 | 305.409 54 SHO/I | 010384 | 0.00 | 08.01.2015 | Book |